书目信息 |
| 题名: |
行政法一本通
|
|
| 作者: | ;法规应用研究中心 编 | |
| 分册: | ||
| 出版信息: | 北京 中国法制出版社 2014 |
|
| 页数: | 12,405页 | |
| 开本: | 21cm | |
| 丛书名: | 法律一本通 | |
| 单 册: | ||
| 中图分类: | D922.104 | |
| 科图分类: | ||
| 主题词: | 行政法--基本知识--中国 , 行政法 | |
| 电子资源: | ||
| ISBN: | 978-7-5093-5008-9 | |
| 000 | 00900oam2 2200265 450 | |
| 001 | 519 | |
| 005 | 20140908080838.79 | |
| 010 | @a978-7-5093-5008-9@dCNY35.00 | |
| 100 | @a20140310d2014 em y0chiy50 ea | |
| 101 | 0 | @achi |
| 102 | @aCN@b110000 | |
| 105 | @ay zn 001yy | |
| 106 | @ar | |
| 200 | 1 | @a行政法一本通@AXing Zheng Fa Yi Ben Tong@f法规应用研究中心编@FFa Gui Ying Yong Yan Jiu Zhong Xin Bian |
| 210 | @a北京@c中国法制出版社@d2014 | |
| 215 | @a12,405页@d21cm | |
| 225 | 2 | @a法律一本通@v15 |
| 330 | @a本书以行政法的条文为序号,逐条穿插关联的现行有效的法律、行政法规、部门规章、司法解释、请示答复和部分地方规范性文件。 | |
| 461 | 0 | @12001 @a法律一本通 |
| 606 | 0 | @a行政法@x基本知识@y中国 |
| 606 | 0 | @a行政法 |
| 690 | @aD922.104@v5 | |
| 711 | 02 | @a法规应用研究中心@AFa Gui Ying Yong Yan Jiu Zhong Xin@4编 |
| 801 | 0 | @aCN@bTANGWEI@c20140603 |
| 905 | @b0838987-89@dD922.104@e1070@f3 | |
| 行政法一本通/法规应用研究中心编.-北京:中国法制出版社,2014 |
| 12,405页;21cm.-(法律一本通;15) |
| ISBN 978-7-5093-5008-9:CNY35.00 |
| 本书以行政法的条文为序号,逐条穿插关联的现行有效的法律、行政法规、部门规章、司法解释、请示答复和部分地方规范性文件。 |
| ● |
| 相关链接 |
|
|
|
|
正题名:行政法一本通
索取号:D922.104/1070
 
预约/预借
| 序号 | 登录号 | 条形码 | 馆藏地/架位号 | 状态 | 备注 |
| 1 | 0838987 | 208389876 | 第一样本阅览室/ [索取号:D922.104/1070] | 在馆 | |
| 2 | 0838988 | 208389885 | 第一借阅区/ [索取号:D922.104/1070] | 在馆 | |
| 3 | 0838989 | 208389894 | 密集书库-史法系/ [索取号:D922.104/1070] | 在馆 |